LEADER 01013nam0-22003491i-450- 001 990001239570403321 010 $a0-12-583430-6 035 $a000123957 035 $aFED01000123957 035 $a(Aleph)000123957FED01 035 $a000123957 100 $a20000920d1986----km-y0itay50------ba 101 0 $aeng 200 1 $aComplex cobordism and stable homotopy groups of spheres$fD. C. Ravenel. 210 $aBoston [MA]$cAcademic Press$dc1986. 215 $axix, 413 p.$d24 cm 225 1 $aPure and applied mathematics$v121 610 0 $aGruppi di omotopia 610 0 $aGruppi di omotopia delle sfere 610 0 $aTeoria del cobordismo 676 $a514.24 700 1$aRavenel,$bDouglas C.$057251 801 0$aIT$bUNINA$gRICA$2UNIMARC 901 $aBK 912 $a990001239570403321 952 $aC-27-(121$b7285$fMA1 959 $aMA1 962 $a55Q40 962 $a55QXX 996 $aComplex cobordism and stable homotopy groups of spheres$9381267 997 $aUNINA DB $aING01 LEADER 01340nam0-2200445---450- 001 990010003870403321 005 20151202143607.0 010 $a978- 88-207-5254-5 035 $a001000387 035 $aFED01001000387 035 $a(Aleph)001000387FED01 035 $a001000387 100 $a20151006d2014----km-y0itay50------ba 101 0 $aita 102 $aIT 105 $a--------001yy 200 1 $aArchitettura navale$eelementi di dinamica della nave$fSalvatore Miranda 210 $aNapoli$cLiguori editore$d2014 215 $a517 p.$cill.$d24 cm 610 0 $aArchitettura navale 610 0 $aFluidodinamica 676 $a623.82 700 1$aMiranda,$bSalvatore$0748614 801 0$aIT$bUNINA$gRICA$2UNIMARC 901 $aBK 912 $a990010003870403321 952 $a13 E 64 27$b0052 / 2015$fFINBC 952 $a13 13 05$b0053 / 2015$fFINBC 952 $a23 07 A 12$b0054 / 2015$fFINAG 952 $a23 07 A 13$b0055 / 2015$fFINAG 952 $a13 13 31$b0248 / 2015$fFINBC 952 $a13 E 64 28$b0249 / 2015$fFINBC 952 $a13 E 64 29$b0250 / 2015$fFINBC 952 $a23 10 D 41$b0251 / 2015$fFINAG 952 $a23 10 D 42$b0252 / 2015$fFINAG 952 $a23 10 D 43$b0253 / 2015$fFINAG 959 $aFINBC 959 $aFINAG 996 $aArchitettura navale$91498114 997 $aUNINA LEADER 00993nam--2200349---450- 001 990000349800203316 035 $a0034980 035 $aUSA010034980 035 $a(ALEPH)000034980USA01 035 $a0034980 100 $a20010306d1979----km-y0itay0103----ba 101 $aeng 102 $aDE 105 $a||||||||001yy 200 1 $aFirst-Order dynamic logic 210 $aBerlin$cSpringer Verlag$d1979 215 $a131 p.$cill.$d24 cm 225 2 $aLecture notes in computer science$v68 410 $12001$aLecture notes in computer science$v68 461 1$1001-------$12001 676 $a511.3 700 1$aHAREL,$bDavid$0543182 801 0$aIT$bsalbc$gISBD 912 $a990000349800203316 951 $a001 LNCS 68$b7815$c001 LNCS$d00101424 959 $aBK 969 $aSCI 979 $aPATTY$b90$c20010306$lUSA01$h1537 979 $c20020403$lUSA01$h1643 979 $aPATRY$b90$c20040406$lUSA01$h1624 996 $aFirst-Order dynamic logic$9878552 997 $aUNISA